002010000a220007300045001000020000002450029000203000046000497730032000951 aOrtiz, Loida A.10aMás allá de la tinta aVol. 50, Núm 220 (1995), Páginas 8-100 tLa Biblia de las Américas